Statystyki dla Ranking FIFA (yellow box)

Kliknij tutaj aby rozwiązać quiz!

Ogólne statystyki

  • Ten quiz został rozwiązany 15 razy
  • Średni wynik to 18 z 210

Statystyki odpowiedzi

MiejsceKraj% Poprawnych
1Argentyna
100%
2Francja
100%
3Anglia
67%
4Belgia
67%
5Brazylia
44%
31Polska
33%
8Hiszpania
22%
6Holandia
22%
7Portugalia
22%
210San Marino
22%
9Włochy
22%
62Albania
11%
30Algieria
11%
164Andora
11%
56Arabia Saudyjska
11%
93Armenia
11%
25Australia
11%
24Austria
11%
114Azerbejdżan
11%
95Białoruś
11%
85Boliwia
11%
145Botswana
11%
81Bułgaria
11%
139Burundi
11%
40Chile
11%
79Chiny
11%
10Chorwacja
11%
125Cypr
11%
70Czarnogóra
11%
39Czechy
11%
19Dania
11%
33Egipt
11%
32Ekwador
11%
122Estonia
11%
140Filipiny
11%
59Finlandia
11%
61Ghana
11%
201Gibraltar
11%
47Grecja
11%
77Gruzja
11%
108Gwatemala
11%
80Gwinea
11%
103Gwinea Bissau
11%
88Gwinea Równikowa
11%
102Indie
11%
146Indonezja
11%
63Irak
11%
21Iran
11%
60Irlandia
11%
72Irlandia Północna
11%
71Islandia
11%
75Izrael
11%
17Japonia
11%
46Kamerun
11%
48Kanada
11%
58Katar
11%
100Kazachstan
11%
98Kirgistan
11%
14Kolumbia
11%
116Korea Północna
11%
23Korea Południowa
11%
101Kosowo
11%
52Kostaryka
11%
169Kuba
11%
136Kuwejt
11%
189Laos
11%
153Liberia
11%
203Liechtenstein
11%
138Litwa
11%
137Łotwa
11%
83Luksemburg
11%
65Macedonia
11%
109Madagaskar
11%
130Malezja
11%
51Mali
11%
172Malta
11%
13Maroko
11%
105Mauretania
11%
15Meksyk
11%
162Mjanma
11%
155Mołdawia
11%
111Mozambik
11%
16Niemcy
11%
42Nigeria
11%
134Nikaragua
11%
44Norwegia
11%
104Nowa Zelandia
11%
41Panama
11%
165Papua Nowa Gwinea
11%
53Paragwaj
11%
35Peru
11%
66Republika Południowej Afryki
11%
38Rosja
11%
43Rumunia
11%
78Salwador
11%
20Senegal
11%
34Serbia
11%
127Sierra Leone
11%
156Singapur
11%
45Słowacja
11%
54Słowenia
11%
12Stany Zjednoczone
11%
36Szkocja
11%
18Szwajcaria
11%
26Szwecja
11%
106Tadżykistan
11%
113Tajlandia
11%
118Togo
11%
96Trynidad i Tobago
11%
28Tunezja
11%
37Turcja
11%
141Turkmenistan
11%
22Ukraina
11%
11Urugwaj
11%
68Uzbekistan
11%
29Walia
11%
27Węgry
11%
50Wenezuela
11%
94Wietnam
11%
49Wybrzeże Kości Słoniowej
11%
135Wyspy Owcze
11%
84Zambia
11%
124Zimbabwe
11%
158Afganistan
0%
117Angola
0%
209Anguilla
0%
142Antigua i Barbuda
0%
193Aruba
0%
202Bahamy
0%
86Bahrajn
0%
183Bangladesz
0%
178Barbados
0%
182Belize
0%
97Benin
0%
171Bermudy
0%
184Bhutan
0%
69Bośnia i Hercegowina
0%
194Brunei
0%
207Brytyjskie Wyspy Dziewicze
0%
57Burkina Faso
0%
90Curacao
0%
181Czad
0%
67Demokratyczna Republika Konga
0%
180Dominika
0%
151Dominikana
0%
192Dżibuti
0%
144Etiopia
0%
168Fidżi
0%
82Gabon
0%
126Gambia
0%
174Grenada
0%
205Guam
0%
157Gujana
0%
89Haiti
0%
76Honduras
0%
150Hongkong
0%
55Jamajka
0%
152Jemen
0%
87Jordania
0%
197Kajmany
0%
179Kambodża
0%
110Kenia
0%
119Komory
0%
112Kongo
0%
148Lesotho
0%
107Liban
0%
120Libia
0%
187Makau
0%
123Malawi
0%
161Malediwy
0%
177Mauritius
0%
190Mongolia
0%
176Montserrat
0%
115Namibia
0%
175Nepal
0%
129Niger
0%
159Nowa Kaledonia
0%
74Oman
0%
195Pakistan
0%
99Palestyna
0%
160Portoryko
0%
131Republika Środkowoafrykańska
0%
73Republika Zielonego Przylądka
0%
133Rwanda
0%
147Saint Kitts i Nevis
0%
167Saint Lucia
0%
173Saint Vincent i Grenadyny
0%
186Samoa
0%
188Samoa Amerykańskie
0%
199Seszele
0%
198Somalia
0%
204Sri Lanka
0%
149Suazi
0%
128Sudan
0%
166Sudan Południowy
0%
143Surinam
0%
91Syria
0%
163Tahiti
0%
154Taipei
0%
121Tanzania
0%
200Timor Wschodni
0%
196Tonga
0%
206Turks i Caicos
0%
92Uganda
0%
170Vanuatu
0%
185Wyspy Cooka
0%
208Wyspy Dziewicze Stanów Zjednoczonych
0%
132Wyspy Salomona
0%
191Wyspy Świętego Tomasza i Książęca
0%
64Zjednoczone Emiraty Arabskie
0%

Rozkład punktacji

Percentyl według liczby udzielonych odpowiedzi

Procent ludzi z każdym wynikiem

Twoja historia wyników

Nie rozwiązałeś tego quizu